Sports Quiz

Random Sports or Soccer Quiz

Leicester City players since 2014 Quiz Stats

 Plays Quiz not verified by Sporcle

Support Sporcle.
Go Orange.
Score 0/65 Timer 10:00
0 Plays Today
Country Answer % Correct
JamaicaWes Morgan
99.1%
DenmarkKasper Schmeichel
97.4%
AustriaChristian Fuchs
96.5%
GermanyRobert Huth
95.6%
EnglandJamie Vardy
93.9%
AlgeriaRiyad Mahrez
93.9%
JapanShinji Okazaki
91.2%
EnglandDanny Drinkwater
89.5%
NigeriaWilfred Ndidi
89.5%
Northern IrelandJonny Evans
89.5%
FranceN'Golo Kante
87.7%
EnglandBenjamin Chilwell
86.8%
PortugalRicardo Pereira
86.8%
BelgiumYouri Tielemans
86.8%
EnglandDanny Simpson
86%
EnglandMarc Albrighton
86%
ArgentinaLeonardo Ulloa
86%
AlgeriaIslam Slimani
86%
TurkeyCaglar Soyuncu
86%
WalesAndy King
85.1%
SpainAyoze Perez
85.1%
EnglandJames Maddison
82.5%
EnglandDemarai Gray
78.1%
GhanaDaniel Amartey
77.2%
NigeriaKelechi Iheanacho
77.2%
EnglandHarvey Barnes
71.1%
BelgiumDennis Praet
71.1%
FranceNampalys Mendy
70.2%
ArgentinaEsteban Cambiasso
67.5%
EnglandHarry Maguire
66.7%
England Matty James
65.8%
AlgeriaRachid Ghezzal
64.9%
New ZealandChris Wood
61.4%
Country Answer % Correct
BelgiumRitchie de Laet
60.5%
SwitzerlandGökhan Inler
60.5%
EnglandLuke Thomas
60%
CroatiaAndrej Kramaric
59.6%
NigeriaAhmed Musa
58.8%
AustraliaMark Schwarzer
56.1%
EnglandHamza Choudhury
56.1%
GhanaJeffrey Schlupp
55.3%
TunisiaYohan Benalouane
55.3%
PortugalAdrien Silva
53.5%
PolandMarcin Wasilewski
51.8%
EnglandJames Justin
49.1%
EnglandDavid Nugent
48.2%
EnglandBen Hamer
46.5%
SwitzerlandEldin Jakupovic
43%
SpainVicente Iborra
36.8%
GermanyRon-Robert Zieler
36%
EnglandNathan Dyer
35.1%
MaliFousseni Diabate
33.3%
EnglandRyan Bennett
30%
SpainLuis Hernandez
28.9%
EnglandLiam Moore
23.7%
EnglandPaul Konchesky
21.1%
EnglandDean Hammond
21.1%
WalesTom Lawrence
18.4%
FranceAnthony Knockaert
17.5%
AustriaAleksandar Dragovic
16.7%
EnglandJoe Dodoo
14%
EnglandMatthew Upson
13.2%
EnglandGary Taylor-Fletcher
12.3%
EnglandGeorge Hirst
10%
EnglandNick Powell
7.9%

You're not logged in!

Compare scores with friends on all Sporcle quizzes.
OR
Log In

From the Vault

Biopic Movies II

by manonthemoon

Who would star in Sporcle: The Movie?
Remove Ads.
Support Sporcle.
Get the best of Sporcle when you Go Orange. This ad-free experience offers more features, more stats, and more fun while also helping to support Sporcle. Thank you for becoming a member.

Show Comments

Extras

Top Quizzes Today


Score Distribution

Your Account Isn't Verified!

In order to create a playlist on Sporcle, you need to verify the email address you used during registration. Go to your Sporcle Settings to finish the process.

Report this User

Report this user for behavior that violates our Community Guidelines.

Details: